On This Day (December 1st) Multiple Choice - Statistics

General Stats
  • This quiz has been taken 11 times
  • The average score is 7 of 15
Answer Stats
Question Answer % Correct
1913 – Which motor company introduces the first moving assembly line ? Ford
78%
1941 – World War II: Emperor Hirohito of Japan gives the final approval to initiate war against which country ? United States
78%
1988 – Which awareness day was proclaimed worldwide for the first time by the UN member states ? World AIDS Day
78%
1918 – Iceland becomes a sovereign state, yet remains a part of which kingdom ? Denmark
67%
1955 – Rosa Parks refuses to give up her bus seat to a white man and is arrested, an incident which leads to which Alabama city's bus boycott ? Montgomery
56%
1960 – Paul McCartney and Pete Best are arrested (and later deported) from Hamburg, West Germany, after accusations of what ? Attempted arson
44%
1973 – Papua New Guinea gains self-governance from which nation ? Australia
44%
1822 – Peter I is crowned Emperor of which nation ? Brazil
44%
1977 – Pinwheel pay TV is launched in the US. It is now known by what name ? Nickelodeon
44%
1990 – Channel Tunnel sections started from the United Kingdom and France meet beneath the seabed. How far below the seabed is the tunnel ? 40 metres
33%
1913 – The first underground railway system in the Southern Hemisphere begins operation in which city ? Buenos Aires
33%
1662 – Diarist John Evelyn records skating on a frozen lake watched by Charles II and Queen Catherine in which London park ? St. James Park
33%
2017 – A 100-megawatt Tesla Powerpack system, which is the world's largest lithium-ion battery, is launched in Jamestown, in which Australian state ? South Australia
22%
1981 – Inex-Adria Aviopromet Flight 1308, a McDonnell Douglas MD-80, crashes on which Mediterranean island, killing all 180 people on board ? Corsica
11%
1865 – Shaw University, the first historically black university in the southern United States, is founded in which city ? Raleigh, North Carolina
11%
No matching quizzes found
Score Distribution
Percent of People with Each Score
Percentile by Number Answered
Your Score History
You have not taken this quiz